000 00490nam a2200157 i 4500
001 134257
003 ES-MaACL
007 t|
008 070907s1930 sp ||||1| spa d
100 1 _aWassiliew, A. T.
_9116157
245 1 0 _aOchrana
_b: memorias del último director de la policia rusa /
_cA. T. Wassiliew ; traducción de Eduardo Prado.
260 _aMadrid :
_bEspasa Calpe,
_c1930.
300 _a286 p. ;
_c21 cm.
700 1 _aPrado, Eduardo.
_993607
852 _aES-MaACL
_jB-6251
999 _c134257
_d134257